LEADER 01538nam a2200325 u 4500 001 000000051230 003 CaOOAMICUS 005 20070226115319.0 008 000912s1989 fr b u000 u fre u 020 $a2701011825 035 $a10855237 040 $aPUL$bita$dPUL(R) 100 1 $aKervingant, M. T.$0(OLS)http://pul/name/36790 245 10$aDes moniales face a la révolution française :$baux origines des Cisterciennes-Trappistines /$cpar M. T. Kervingant. 260 $aParis :$bBeauchesne,$cc1989. 300 $a408 p. :$bc. geogr. ;$c22 cm 490 1 $aBibliothèque Beauchesne.$aReligions, société, politique ;$v14 500 $aContiene indice. 504 $a"Bibliographie": p. 317-328. 600 04$aIohanna de Francia, s.,$d1464-1505.$0(OLS)http://pul/subject/8488 610 24$aCistercensi.$0(OLS)http://pul/subject/18717 610 24$aTrappisti.$0(OLS)http://pul/subject/21526 651 4$aFrancia$xStoria ecclesiastica.$0(OLS)http://pul/subject/7334 830 0$aBibliothèque Beauchesne.$pReligions, société, politique ;$v14.$0(OLS)http://pul/title/14397 850 $aPUL 852 $aPUL$W1$xDP2 Religione 1$y63$m79 M 14$j67877$nBK-PRI$qStampati$B67877$CPULBib$Z2$F67877 $H82639 $82 941 1 $a8 996 $6020$a2701011825$9(OLS)http://pul/number/64838 996 $6245$aDes moniales face a la révolution française :$baux origines des Cisterciennes-Trappistines$9(OLS)http://pul/title/68865 996 $6260$aParis :$bBeauchesne$9(OLS)http://pul/publisher/48115 LEADER 01395nam a2200325 a 4500 001 000000137945 003 CaOOAMICUS 005 20140328101629.0 008 140328s2012 vc u000 u ita r 020 $a978-88-401-6018-4 040 $aPUL$bita 082 04$a266 100 1 $aColzani, Gianni,$csac.,$d1964-$0(OLS)http://pul/name/12634 245 10$aPensare la missione :$bscritti editi e inediti /$cGianni Colzani ; a cura di Sandra Mazzolini. 260 $aCittà del Vaticano :$bUrbaniana University Press,$c©2012. 300 $a407 p. ;$c24 cm 490 1 $aMissiologia 504 $aInclude indice e riferimenti bibliografici. 650 4$aMissiologia.$0(OLS)http://pul/subject/9730 650 4$aMissioni.$0(OLS)http://pul/subject/1309 700 1 $aMazzolini, Sandra,$d1956-$0(OLS)http://pul/name/41850 830 0$aMissiologia.$0(OLS)http://pul/title/119627 850 $aPUL 852 $aPUL$W1$xSL Religione 3$y85$m266 COLGI 2$j159013$qDDC 21$B158565$CPULBib$Z2$F158565 $H123750 $82 941 1 $a9 996 $6020$a978-88-401-6018-4$9(OLS)http://pul/number/154942 996 $6082$a266$9(OLS)http://pul/classification/526 996 $6245$aPensare la missione :$bscritti editi e inediti$9(OLS)http://pul/title/174677 996 $6260$aCittà del Vaticano :$bUrbaniana University Press$9(OLS)http://pul/publisher/66922